Microsoft Word Shortcuts Quiz - Statistics

General Stats
  • This quiz has been taken 36 times
  • The average score is 10 of 40
Answer Stats
Shortcut Function % Correct
Ctrl+V Paste
100%
Ctrl+C Copy
97%
Ctrl+X Cut
77%
Ctrl+Z Undo
73%
Ctrl+P Print
67%
Ctrl+Y Redo
63%
Ctrl+S Save
63%
Ctrl+N New Document
50%
Ctrl+O Open Document
50%
Ctrl+B Bold
47%
Ctrl+I Italic
47%
Ctrl+U Underline
47%
Ctrl+F Find
30%
F1 Microsoft Word Help
23%
Ctrl+H Replace
23%
Ctrl+W Save As
20%
Ctrl+L Align Left
17%
Ctrl+R Align Right
17%
Ctrl+Shirt+P Font Size
13%
Ctrl+Return Insert a Page Break
13%
Ctrl+J Justify
13%
Ctrl+E Centre
10%
Ctrl+Shift+F Font
10%
Ctrl+Shift++ Superscript
10%
Ctrl+= Subscript
7%
Ctrl+Shift+S Apply Styles
3%
Ctrl+Shirt+< Decrease Font Size
3%
F7 Editor
3%
Ctrl+Shift+> Increase Font Size
3%
Alt+= Insert an Equation
3%
Alt+Ctrl+D Insert Endnote
3%
Alt+Ctrl+F Insert Footnote
3%
Ctrl+Shift+C or Ctril+Shirt+V Format Painter
0%
Alt+Shift+I Mark Citation
0%
Alt+Shift+X Mark Entry
0%
Alt+Ctrl+Space Read Aloud
0%
Ctrl+Shift+* Show/Hide ¶
0%
Shift+F7 Thesaurus
0%
Ctrl+Shift+E Track Changes
0%
Alt+F8 View Macros
0%
No matching quizzes found
Score Distribution
Percent of People with Each Score
Percentile by Number Answered
Your Score History
You have not taken this quiz